000 00528nam a22001817a 4500
003 UA-OsUOA
001 13251
007 ta
008 20030423b un ||||| |||| 00| 0 ukr d
100 _aКучерявий І.
942 _cSA
040 _aUA-OsUOA
_cUA-OsUOA
_dUA-OsUOA
245 _aМобілізуюча і зобов'язуюча енергія звітів
300 _aС.2
955 _a0
773 0 _w0
_tЗа відродження
_dРівне
_d2003
_g№16
650 7 _aКраєзнавча робота
_2UDC
999 _c299412
_d299412